Alienaȯ̂ parental. Sob a perspectiva do direito ̉convivn̊cia familiar

Detalles Bibliográficos
Autor principal: Rodrigues de Souza, Juliana
Formato: Libro
Lenguaje:portugués
Publicado: Brasil Editora Mundo Jurd̕ico 2014
Materias:
Acceso en línea:Acceso restringido

MARC

LEADER 00000nam a22000007a 4500
005 20160413104735.0
007 cr|z|| ||u|
008 160413s2014 bl ||||| |||| 00||0 por d
020 |a 978-85-8085-054-3 
035 |a 14078 
040 |a vLex  
090 |c 5972  |d 5972 
100 1 |a Rodrigues de Souza, Juliana  
245 1 0 |a Alienaȯ̂ parental. Sob a perspectiva do direito ̉convivn̊cia familiar  |h [Recurso electrn̤ico] /  |c Juliana Rodrigues de Souza  
256 |a Servicio en ln̕ea 
260 |a Brasil  |b Editora Mundo Jurd̕ico  |c 2014 
300 |a 1 recurso electrn̤ico ( 1® Ediȯ̂ 172 pg̀s) 
506 1 |a Contenido solo disponible en los productos indicados  |d vLex Global  |d vLex Global (Academic Edition, excluding Law Schools)  |d vLex Global (U.S. Academic Edition, Law Schools)  |d vLex Global (U.S. Academic Edition, excluding Law Schools)  |d vLex Global (Academic Edition, Law Schools) 
650 0 4 |a Derecho familiar   |z Brasil 
740 0 |a vLex libros (servicio en ln̕ea)  
856 4 0 |u http://vlex.com/source/aliena-o-parental-14078  |z Acceso restringido  
942 |c BOOK 
999 0 |a Domestic relations  |b Brasil